000 00401nam a2200169Ia 4500
008 230524s9999 xx 000 0 und d
020 _a9780198094746
082 _a621.3813
_bDAS
100 _aSushrut Das
245 0 _aMicrowave Engineering
250 _a1
260 _aNoida
_bOxford
_c2015
300 _a"xxii,965p;"
500 _aQuantity Number: 20
650 _aElectronics
942 _cBK
999 _c59413
_d59413